Marketingová stratégia a jej miesto v riadení podniku CHVB, s.r.o. Jaslovské Bohunice : Bakalárska práca

Enregistré dans:
Détails bibliographiques
Auteur principal: Kubišová, Mária (Auteur)
Autres auteurs: Prečinská, Zuzana (xxx)
Format: Manuscrit Livre
Langue:slovaque
Publié: Bratislava : STU v Bratislave MtF KPIM, 2004
Sujets:
Tags: Ajouter un tag
Pas de tags, Soyez le premier à ajouter un tag!

MARC

LEADER 00000ntm a22000003a 4500
001 stu91426
005 20160719154610.6
008 041110s2004----xo------------------slo-d
040 |a STU  |b slo 
041 0 |a slo 
044 |a xo 
100 1 |a Kubišová, Mária  |4 aut 
245 1 |a Marketingová stratégia a jej miesto v riadení podniku CHVB, s.r.o. Jaslovské Bohunice :  |b Bakalárska práca 
260 |a Bratislava :  |b STU v Bratislave MtF KPIM,  |c 2004 
300 |a 50 s  |c príl., 1 disketa 
650 7 |a priemyselné inžinierstvo a manažment  |2 stusub 
650 7 |a marketingová stratégia  |2 stusub 
700 1 |a Prečinská, Zuzana  |4 xxx 
996 |b 284M042211  |c M*BP-932  |l MMSKP  |s P  |a 0  |w stu91426_0001